| 000 | 00971 a2200181 4500 | ||
|---|---|---|---|
| 003 | NUST | ||
| 005 | 20221117164747.0 | ||
| 020 | _a8121902363 | ||
| 040 | _cNust | ||
| 082 | _a515,NAR | ||
| 100 |
_aNarayan, Shanti _939181 |
||
| 245 |
_aIntegral Calculus / _cShanti Narayan |
||
| 260 |
_aNew Delhi _bS. Chand & Company _c1988 |
||
| 300 | _aiv,349 p. | ||
| 505 | _aTable of Standard Result (Page-1), Methods of Integration (Page-20), Integration of Algebraic Rational Functions (Page-53), Integration of Trigonometric Functions (Page-73), Areas of Plane Regions (Page-153), Lengths of Plane Curves (Page-183), Volumes and Surfaces of Revolution (Page-196), Center of Gravity Moment of Inertia (Page-221), Differential Equations of First Order and First Degree (Page-234), Equations of the First Order but not of the First Degree (Page-256), Trajectories of a Family of Curves (Page-269), Linear Equations (Page-276) . | ||
| 650 | _aCalculus | ||
| 942 |
_2ddc _cBK _k515,NAR |
||
| 999 |
_c194789 _d194789 |
||